Statistics for Cinderella Franchise

Click here to take the quiz!

General Stats

  • This quiz has been taken 23 times
  • The average score is 3 of 15

Answer Stats

TypeYearNameInfo% Correct
Film1950CinderellaDisney
100%
Film2015CinderellaDisney
100%
Film2002Cinderella II: Dreams Come TrueDisney
71%
Theme Park Attraction1983-PresentCinderella CastleDisney World / Tokyo Disneyland
14%
Film2007Cinderella III: A Twist in TimeDisney
14%
Theme Park Attraction????Cinderella Castle SuiteDisney World
0%
Video Game2000Cinderella Dollhouse 2Disney
0%
Video Game2005Cinderella: Magical DreamsNintendo
0%
Video Game2003Cinderella's Castle DesignerDisney
0%
Video Game2000Cinderella's DollhouseDisney
0%
Theme Park Attraction2011-PresentCinderella's Fairy Tale HallTokyo Disneyland
0%
Theme Park Attraction????Cinderella's Royal TableDisney World
0%
Theater????Disney's Cinderella KIDSSchools / Children's Theaters
0%
Theme Park Attraction1992-PresentL'Auberge de CendrillonDisneyland Park
0%
Theme Park Attraction1971-PresentPrince Charming Regal CarrouselDisney World / Tokyo Disneyland / Hong Kong Disneyland
0%

Score Distribution

Percentile by Number Answered

Percent of People with Each Score

Your Score History

You have not taken this quiz